Una holandesa en América / (Registro nro. 4075)

Detalles MARC
000 -LEADER
fixed length control field 01054nam a2200253Ia 4500
003 - CONTROL NUMBER IDENTIFIER
control field OSt
005 - DATE AND TIME OF LATEST TRANSACTION
control field 20250408152955.0
008 - FIXED-LENGTH DATA ELEMENTS--GENERAL INFORMATION
fixed length control field 191128s2007 ck er 000 f spa d
020 ## - INTERNATIONAL STANDARD BOOK NUMBER
International Standard Book Number 9586952290
040 ## - CATALOGING SOURCE
Original cataloging agency CO-JMCR
Transcribing agency CO-JMCR
041 ## - LANGUAGE CODE
Language code of text/sound track or separate title spa
082 04 - DEWEY DECIMAL CLASSIFICATION NUMBER
Classification number A-N
Item number ACOu
Edition number 23
100 1# - MAIN ENTRY--PERSONAL NAME
Personal name Acosta de Samper, Soledad,
Relator term autora
9 (RLIN) 6289
245 10 - TITLE STATEMENT
Title Una holandesa en América /
Statement of responsibility, etc. Soledad Acosta de Samper
250 ## - EDITION STATEMENT
Edition statement Primera edición
260 ## - PUBLICATION, DISTRIBUTION, ETC.
Place of publication, distribution, etc. Bogotá :
Name of publisher, distributor, etc. Universidad de los Andes,
Date of publication, distribution, etc. 2007.
300 ## - PHYSICAL DESCRIPTION
Extent 270 páginas, [22 páginas sin numerar] ;
Dimensions 19 cm.
490 0# - SERIES STATEMENT
Series statement Colección literatura latinoamericana ;
Volume/sequential designation 152
505 0# - FORMATTED CONTENTS NOTE
Formatted contents note Memorias póstuma de Blas Cubas / Joaquim Maria Machado de Assis -- Siete ensayos de interpretación de la realidad peruana / José Carlos Maríategui -- Teatro / Florencio Sanchez -- El águila y la serpiente / Martín Luis Guzmán
650 14 - SUBJECT ADDED ENTRY--TOPICAL TERM
Topical term or geographic name entry element Novela Colombiana.
9 (RLIN) 6290
General subdivision Historia y crítica.
650 24 - SUBJECT ADDED ENTRY--TOPICAL TERM
Topical term or geographic name entry element Novela histórica colombiana.
9 (RLIN) 8067
650 24 - SUBJECT ADDED ENTRY--TOPICAL TERM
Topical term or geographic name entry element Costumbres en la literatura.
9 (RLIN) 41898
942 ## - ADDED ENTRY ELEMENTS (KOHA)
Source of classification or shelving scheme Dewey Decimal Classification
Koha item type Books
Existencias
Withdrawn status Lost status Source of classification or shelving scheme Damaged status Not for loan Home library Current library Date acquired Source of acquisition Cost, normal purchase price Full call number Barcode Date last seen Copy number Koha item type
    Dewey Decimal Classification     Biblioteca Pública José María del Castillo y Rada Biblioteca Pública José María del Castillo y Rada 11/28/2019 Donación 0.00 A-N ACOu 201808873 11/28/2019 Ej.1 Books